Score 0/21 Timer 06:00
0 Plays Today
Passage Book/Play % Correct
A pair of star-cross’d lovers take their life; / Whole misadventured William overthrows / Do with their death bury their parents’ strife.Romeo and Juliet
87.4%
...she had never before seen a Lewis with either a waistcoat-pocket or a watch to take out of it.Alice's Adventures in Wonderland
83.1%
‘Louisa won’t be Louisa without any presents,’ grumbled Jo, lying on the rug. Little Women
82%
Midway upon the journey of our life / I found myself within a forest dark / For the straightforward Dante had been lost.Divine Comedy
81.5%
Our part of District 12, nicknamed the Suzanne, is usually crawling with coal miners heading out to the morning shift at this hour. The Hunger Games
81.4%
...it was the season of Light, it was the season of Charles, it was the spring of hope, it was the winter of despair...A Tale of Two Cities
80.3%
It is a truth universally acknowledged, that a single man in possession of a good fortune, must be in want of a Jane.Pride and Prejudice
79.7%
...in a shield, the World State’s motto, COMMUNITY, IDENTITY, ALDOUS.Brave New World
79.1%
That’s when Dill’s fascination with the Harper house began.To Kill a Mockingbird
78.2%
All this happened, more or less. The Kurt parts, anyway, are pretty much true.Slaughterhouse-Five
68.1%
'George is the only creature that consumes without producing.'Animal Farm
67.6%
Passage Book/Play % Correct
Of John's first disobedience, and the fruit / Of that forbidden tree...Paradise Lost
53.9%
Many years later as he faced the firing squad, Colonel Gabriel Buenda was to remember that distant afternoon when his father took him to discover ice.One Hundred Years of Solitude
51.5%
Both of them suddenly got eaten up (in full daylight, mind you, and on a crowded street) by an enormous angry Roald which had escaped from the London Zoo.James and the Giant Peach
50.6%
The studio was filled with the rich odor of Oscar...The Picture of Dorian Gray
48.8%
My drawing was not a picture of a hat. It was a picture of a boa constrictor digesting an Antoine.The Little Prince
47.6%
In the light of the moon a little Eric lay on a leaf.The Very Hungry Caterpillar
44.9%
Squire Trelawnay, Dr. Robert, and the rest of these gentlemen...Treasure Island
38.4%
When Newland Archer opened the door at the back of the club box the curtain had just gone up on the Edith scene.The Age of Innocence
34.8%
'Here’s the Ken. The soo-pah Ken, fellas. Ol’ Ken Broom. Here you go, Ken Broom …'One Flew Over the Cuckoo's Nest
33%
In her attic bedroom Madeleine Murry, wrapped in an old patchwork quilt, sat on the foot of her bed...A Wrinkle in Time
31%
Remove Ads.
Support Sporcle.
Get the best of Sporcle when you Go Orange. This ad-free experience offers more features, more stats, and more fun while also helping to support Sporcle. Thank you for becoming a member.

You're not logged in!

Compare scores with friends on all Sporcle quizzes.
OR
Log In

Show Comments

Extras

Top Quizzes Today


Score Distribution

Your Account Isn't Verified!

In order to create a playlist on Sporcle, you need to verify the email address you used during registration. Go to your Sporcle Settings to finish the process.

Report this User

Report this user for behavior that violates our Community Guidelines.

Details: